Language facilitator
Prezentácia štruktúry, obsahu a štyroch modulov medzinárodného projektu Language Facilitator. Projekt je súčasťou programu Leonardo da Vinci. Praktické príklady a cvičenia.
Salvato in:
| Autore principale: | |
|---|---|
| Altri autori: | |
| Natura: | Capitolo di libro |
| Lingua: | inglese slovacco |
| Soggetti: | |
| Tags: |
Nessun Tag, puoi essere il primo ad aggiungerne!!
|
MARC
| LEADER | 00000naa$a2200000$$$4500 | ||
|---|---|---|---|
| 001 | 0079185 | ||
| 005 | 20240502071915.1 | ||
| 041 | 0 | |a eng | |
| 041 | 0 | |a slo | |
| 044 | |a SK | ||
| 245 | 1 | 0 | |a Language facilitator |c Viera Bocková, Tatiana Hrivíková |
| 520 | |a Prezentácia štruktúry, obsahu a štyroch modulov medzinárodného projektu Language Facilitator. Projekt je súčasťou programu Leonardo da Vinci. Praktické príklady a cvičenia. | ||
| 610 | 2 | 0 | |a vzdelávanie |
| 610 | 2 | 0 | |a jazyky cudzie |
| 610 | 2 | 0 | |a komunikácia |
| 610 | 2 | 0 | |a školy vysoké |
| 610 | 2 | 0 | |a Slovensko |
| 610 | 2 | 0 | |a projekty medzinárodné |
| 610 | 2 | 0 | |a Európska únia |
| 100 | 1 | |a Bocková, Viera | |
| 700 | 1 | |a Hrivíková, Tatiana, 1959- | |